000 00435nam a2200181Ia 4500
008 170918s9999 xx 000 0 und d
020 _a590464744
050 _bF853 1983
100 _aFreedman, Russell
245 _aChildren of the wild wets /
245 _cby Russell Freedman.
260 _aNew York :
260 _bScholastic,
260 _c1983
300 _a104 pages :
300 _billustrations ;
300 _c23cm.
999 _c343977
_d343977